000 00361nam a22001457a 4500
003 OSt
005 20160727222407.0
008 160624b xxu||||| |||| 00| 0 eng d
040 _cTest
100 _9894
_aLewis, C.S
245 _aThe Voyage of the Dawn Trader
260 _aN.Y
_b Macmillan Com.
_c1967
300 _aThe Voyage of the Dawn Trader
942 _2ddc
_cBK
999 _c708
_d708